000 01062nam a22001937a 4500
999 _c63931
_d63931
003 Ge_BSU
005 20260224171629.0
008 260224s1987 ge ||||| |||| 00| 0 geo d
041 _ageo
080 _a330.111.4 მ-52
100 _aმელაძე, რაფიელ
_926959
245 _aსოციალისტური საზოგადოების საწარმოო ძალები და წარმოებითი ურთიერთობანი /
_cრაფიელ მელაძე.
264 _aთბ. :
_bსაბჭ. საქართველო,
_c1987.
300 _a74 გვ. ;
_b20 სმ.
504 _aბიბლიოგრ. ტექსტის შენიშვნ.
653 _aსოციალისტური საზოგადოების საწარმოო ძალები
653 _aსოციალისტური საზოგადოების წარმოებითი ურთიერთობანი
942 _2udc
_cᲬᲘᲒᲜᲘ